[Event "Titled Tuesday intern op 02nd Apr Late"]
[Site "Chess.com INT"]
[Date "2024.04.02"]
[Round "2"]
[White "Davidson, Kevin"]
[Black "Garcia Correa, Jose Ricardo"]
[Result "1-0"]
[WhiteElo "2154"]
[BlackElo "2103"]
[PlyCount "115"]
[EventDate "2024.04.02"]
[EventType "swiss (blitz)"]
[EventRounds "11"]
[EventCountry "USA"]
[SourceTitle "CB15_2024"]
[SourceDate "2024.04.10"]
[SourceVersion "1"]
[SourceVersionDate "2024.04.10"]
[SourceQuality "1"]

1. e4 c5 2. Nf3 e6 3. d4 cxd4 4. Nxd4 a6 5. Nc3 Qc7 6. g3 h5 7. h3 h4 8. g4 Bc5 9. Nb3 Ba7 10. f4 g5 11. Qf3 f6 12. fxg5 fxg5 13. Bxg5 Nc6 14. Bd3 Ne5 15. Qg2 Nf7 16. Bd2 b5 17. 0-0-0 Bb7 18. Kb1 0-0-0 19. Rhf1 Ne5 20. Qe2 Ne7 21. a4 b4 22. Na2 a5 23. c3 bxc3 24. Nxc3 Nxd3 25. Qxd3 Nc6 26. Nb5 Qb6 27. Nd6+ Kb8 28. Nxb7 Qxb7 29. Nxa5 Nxa5 30. Bxa5 Bb6 31. Qd6+ Ka7 32. Bxb6+ Qxb6 33. Rf7 Qxd6 34. Rxd6 Rhf8 35. Rdxd7+ Rxd7 36. Rxd7+ Kb6 37. Rh7 Rf4 38. Rxh4 Rxe4 39. Kc2 Ka5 40. Rh6 Kxa4 41. g5 Kb4 42. h4 Kc4 43. g6 Re2+ 44. Kd1 Rg2 45. h5 Kd3 46. Ke1 Ke3 47. Kf1 Rxb2 48. Rh7 Kf3 49. Ke1 Rg2 50. g7 e5 51. h6 e4 52. Rh8 Re2+ 53. Kd1 Ke3 54. g8Q Rf2 55. Qg3+ Rf3 56. Qxf3+ exf3 57. Rf8 f2 58. h7 1-0

[Event "Titled Tuesday intern op 12th Mar Early"]
[Site "Chess.com INT"]
[Date "2024.03.12"]
[Round "11"]
[White "Bold, Andre"]
[Black "Garcia Correa, Jose Ricardo"]
[Result "1-0"]
[WhiteElo "2218"]
[BlackElo "2103"]
[PlyCount "65"]
[EventDate "2024.03.12"]
[EventType "swiss (blitz)"]
[EventRounds "11"]
[EventCountry "USA"]
[SourceTitle "CB12_2024"]
[SourceDate "2023.10.01"]
[SourceVersion "1"]
[SourceVersionDate "2023.10.01"]
[SourceQuality "1"]

1. e4 c5 2. Nf3 e6 3. g3 a6 4. Bg2 Be7 5. 0-0 h5 6. d4 c4 7. d5 Qc7 8. Bf4 d6 9. e5 dxe5 10. Bxe5 Qb6 11. Bxg7 Rh7 12. Bd4 Bc5 13. dxe6 Bxe6 14. Nc3 Bxd4 15. Nxd4 Qxb2 16. Nxe6 fxe6 17. Ne4 Ra7 18. Nd6+ Kf8 19. Qf3+ Qf6 20. Qe3 Nc6 21. Bxc6 bxc6 22. Nxc4 h4 23. Ne5 Rac7 24. Rab1 Nh6 25. Rb8+ Kg7 26. Rd1 Nf5 27. Qf4 hxg3 28. fxg3 Qh6 29. Qg4+ Kf6 30. Nf3 Ne3 31. Qd4+ Kf7 32. Ne5+ Ke7 33. Qd8# 1-0

[Event "Titled Tuesday intern op 12th Mar Late"]
[Site "Chess.com INT"]
[Date "2024.03.12"]
[Round "1"]
[White "Manukyan, Sargis A"]
[Black "Garcia Correa, Jose Ricardo"]
[Result "1-0"]
[WhiteElo "2216"]
[BlackElo "2103"]
[PlyCount "105"]
[EventDate "2024.03.12"]
[EventType "swiss (blitz)"]
[EventRounds "11"]
[EventCountry "USA"]
[SourceTitle "CB12_2024"]
[SourceDate "2023.10.01"]
[SourceVersion "1"]
[SourceVersionDate "2023.10.01"]
[SourceQuality "1"]

1. d4 Nf6 2. c4 e6 3. Nc3 d5 4. cxd5 exd5 5. Bg5 Nbd7 6. e3 Be7 7. Bd3 0-0 8. Nf3 c6 9. 0-0 Re8 10. Qc2 Ne4 11. Bxe4 dxe4 12. Nxe4 f5 13. Bxe7 Qxe7 14. Nc5 Nf6 15. Qb3+ Nd5 16. Rfe1 b6 17. Nd3 Qf6 18. Nde5 Bb7 19. Rac1 Rad8 20. Qa4 b5 21. Qxa7 Re7 22. Qc5 Rc7 23. Nd3 g5 24. Nb4 Ne7 25. Qe5 Qxe5 26. Nxe5 Kg7 27. g3 Kf6 28. Rc3 Rdc8 29. Nbd3 Nd5 30. Rc2 h5 31. f4 g4 32. e4 fxe4 33. Rxe4 Kf5 34. Re1 h4 35. Nc5 hxg3 36. hxg3 Ba8 37. Ned7 Rd8 38. Re5+ Kg6 39. Rg5+ Kf7 40. Ne5+ Ke7 41. Rg7+ Kd6 42. Ne4+ Ke6 43. Rxc7 Nxc7 44. Ng5+ Kd5 45. Nxg4 Re8 46. Nf6+ Kxd4 47. Nxe8 Nxe8 48. Rd2+ Kc5 49. Rd8 Nc7 50. f5 Bb7 51. f6 Nd5 52. Rxd5+ cxd5 53. f7 1-0

[Event "Titled Tuesday intern op 27th Feb Late"]
[Site "Chess.com INT"]
[Date "2024.02.27"]
[Round "1"]
[White "Zhizmer, Yuri"]
[Black "Garcia Correa, Jose Ricardo"]
[Result "1-0"]
[WhiteElo "2295"]
[BlackElo "2103"]
[PlyCount "103"]
[EventDate "2024.02.27"]
[EventType "swiss (blitz)"]
[EventRounds "11"]
[EventCountry "USA"]
[SourceTitle "CB10_2024"]
[SourceDate "2024.03.06"]
[SourceVersion "1"]
[SourceVersionDate "2024.03.06"]
[SourceQuality "1"]

1. e4 e5 2. Nf3 Nc6 3. Bb5 a6 4. Bxc6 dxc6 5. d3 f6 6. Nc3 Bc5 7. Be3 Qe7 8. Bxc5 Qxc5 9. d4 exd4 10. Qxd4 Qxd4 11. Nxd4 Bd7 12. 0-0-0 0-0-0 13. f3 Ne7 14. Rhe1 Ng6 15. Nde2 Nh4 16. Rg1 Be6 17. Rxd8+ Rxd8 18. b3 g5 19. Nd1 f5 20. exf5 Bxf5 21. Ng3 Bg6 22. Ne3 Re8 23. Kd2 Rd8+ 24. Ke2 Re8 25. Kf2 h5 26. Rd1 b5 27. c4 a5 28. Ne2 Nf5 29. Nxf5 Bxf5 30. Nd4 Rd8 31. c5 Rd5 32. Ke3 Bd7 33. Rc1 Kb7 34. a3 Ka6 35. b4 a4 36. g3 Re5+ 37. Kf2 Rd5 38. Rd1 Bf5 39. Rd2 g4 40. f4 Be4 41. Ke3 Bf3 42. Nxf3 gxf3 43. Rxd5 cxd5 44. f5 d4+ 45. Kxf3 Kb7 46. f6 Kc6 47. f7 Kd5 48. f8Q Kc4 49. Qf7+ Kc3 50. Qxc7 d3 51. Qd6 Kc2 52. Ke3 1-0

[Event "Titled Tuesday intern op 13th Feb Late"]
[Site "Chess.com INT"]
[Date "2024.02.13"]
[Round "5"]
[White "Garcia Correa, Jose Ricardo"]
[Black "Grinev, Valeriy"]
[Result "0-1"]
[WhiteElo "2103"]
[BlackElo "2422"]
[PlyCount "106"]
[EventDate "2024.02.13"]
[EventType "swiss (blitz)"]
[EventRounds "11"]
[EventCountry "USA"]
[SourceTitle "CB08_2024"]
[SourceDate "2024.02.21"]
[SourceVersion "1"]
[SourceVersionDate "2024.02.21"]
[SourceQuality "1"]

1. e4 c5 2. Nf3 e6 3. d4 cxd4 4. Nxd4 a6 5. Nc3 Qc7 6. Bd3 Nf6 7. Qf3 Nc6 8. Nxc6 dxc6 9. Bf4 e5 10. Be3 Bb4 11. h3 Bxc3+ 12. bxc3 0-0 13. 0-0 Be6 14. Bg5 Nd7 15. Qg3 Kh8 16. f4 f6 17. f5 Bf7 18. Bd2 b5 19. a4 Nb6 20. a5 Nc4 21. Bxc4 Bxc4 22. Rf2 c5 23. Qe3 Rad8 24. g4 Qc6 25. Kh2 Rd7 26. Rg1 Rfd8 27. h4 Rd6 28. Bc1 Qc7 29. g5 Qxa5 30. Rfg2 Qc7 31. h5 fxg5 32. Qxg5 R8d7 33. Qh4 h6 34. Rg6 Rxg6 35. hxg6 Qd8 36. Bg5 Qf8 37. f6 Kg8 38. f7+ Bxf7 39. gxf7+ Rxf7 40. Be3 Rf3 41. Qxh6 Rf2+ 42. Bxf2 Qxf2+ 43. Kh3 Qxg1 44. Qe6+ Kh7 45. Qxe5 Qe3+ 46. Kg4 Qe2+ 47. Kg5 Qg2+ 48. Kh4 Qf3 49. Kg5 c4 50. Qh2+ Kg8 51. Qb8+ Qf8 52. Qb6 Qf6+ 53. Kg4 Qxb6 0-1

[Event "Titled Tuesday intern op 06th Feb Early"]
[Site "Chess.com INT"]
[Date "2024.02.06"]
[Round "8"]
[White "Chuersakul, Sarocha"]
[Black "Garcia Correa, Jose Ricardo"]
[Result "1-0"]
[WhiteElo "1820"]
[BlackElo "2103"]
[PlyCount "75"]
[EventDate "2024.02.06"]
[EventType "swiss (blitz)"]
[EventRounds "11"]
[EventCountry "USA"]
[SourceTitle "CB07_2024"]
[SourceDate "2024.02.14"]
[SourceVersion "1"]
[SourceVersionDate "2024.02.14"]
[SourceQuality "1"]

1. d4 Nf6 2. c4 e6 3. Nf3 d5 4. cxd5 exd5 5. Nc3 c6 6. Bg5 Nbd7 7. e3 Be7 8. Bd3 0-0 9. 0-0 Re8 10. Qc2 g6 11. h3 Nh5 12. Bxe7 Qxe7 13. Rab1 a5 14. a3 f5 15. b4 axb4 16. axb4 b5 17. Ne2 Bb7 18. Nf4 Nhf6 19. Be2 Ne4 20. Nd3 Nb6 21. Ra1 Nc4 22. Nc5 Rf8 23. Bxc4 bxc4 24. Ne5 f4 25. Rxa8 Bxa8 26. Nxe4 dxe4 27. Qxc4+ Kg7 28. Nxc6 Bxc6 29. Qxc6 f3 30. g3 Rf6 31. Qc5 Qd7 32. Kh2 Rf5 33. Qc2 Rh5 34. h4 Rxh4+ 35. gxh4 Qg4 36. Qc7+ Kh6 37. Qg3 Qxg3+ 38. Kxg3 1-0

[Event "Titled Tuesday intern op 06th Feb Early"]
[Site "Chess.com INT"]
[Date "2024.02.06"]
[Round "7"]
[White "Garcia Correa, Jose Ricardo"]
[Black "Onoprijchuk, Boris"]
[Result "0-1"]
[WhiteElo "2103"]
[BlackElo "2385"]
[PlyCount "110"]
[EventDate "2024.02.06"]
[EventType "swiss (blitz)"]
[EventRounds "11"]
[EventCountry "USA"]
[SourceTitle "CB07_2024"]
[SourceDate "2024.02.14"]
[SourceVersion "1"]
[SourceVersionDate "2024.02.14"]
[SourceQuality "1"]

1. e4 c5 2. Nf3 e6 3. d4 cxd4 4. Nxd4 a6 5. Nc3 Qc7 6. Bd3 Nf6 7. Qf3 Nc6 8. Nb3 Ne5 9. Qg3 d6 10. f4 Nxd3+ 11. cxd3 b5 12. Be3 b4 13. Na4 Rb8 14. Rc1 Qd8 15. 0-0 Bd7 16. Nb6 Rxb6 17. Bxb6 Qxb6+ 18. Qf2 Qxf2+ 19. Kxf2 Be7 20. h3 h5 21. Ke3 Bd8 22. d4 Bb6 23. Rf2 a5 24. Rfc2 a4 25. Nd2 e5 26. Rc8+ Bxc8 27. Rxc8+ Bd8 28. fxe5 dxe5 29. dxe5 Nd7 30. Nc4 0-0 31. Kf3 g6 32. g4 h4 33. Ra8 Nb6 34. Nxb6 Bxb6 35. Rxa4 Bc5 36. Ra5 Be7 37. Ra7 Re8 38. a3 bxa3 39. bxa3 Bc5 40. Ra5 Rxe5 41. Kf4 f6 42. Ra6 g5+ 43. Kf3 Be7 44. a4 Kf7 45. Ra8 Rc5 46. a5 Rc3+ 47. Ke2 Rxh3 48. a6 Ra3 49. e5 fxe5 50. a7 Ke6 51. Kd2 h3 52. Kc2 h2 53. Rh8 Rxa7 54. Rh6+ Bf6 55. Rxh2 Ra2+ 0-1

[Event "Titled Tuesday intern op 06th Feb Early"]
[Site "Chess.com INT"]
[Date "2024.02.06"]
[Round "5"]
[White "Gutierrez Carmona, Juan Alejandro"]
[Black "Garcia Correa, Jose Ricardo"]
[Result "0-1"]
[WhiteElo "2095"]
[BlackElo "2103"]
[PlyCount "68"]
[EventDate "2024.02.06"]
[EventType "swiss (blitz)"]
[EventRounds "11"]
[EventCountry "USA"]
[SourceTitle "CB07_2024"]
[SourceDate "2024.02.14"]
[SourceVersion "1"]
[SourceVersionDate "2024.02.14"]
[SourceQuality "1"]

1. e4 c5 2. Nf3 e6 3. d4 cxd4 4. Nxd4 a6 5. Nc3 Qc7 6. Bd3 Nf6 7. 0-0 h5 8. h3 Bc5 9. Nb3 Ba7 10. Qf3 Nc6 11. Bf4 d6 12. Qg3 Ke7 13. Rfe1 Bd7 14. Rad1 h4 15. Qh2 Ne5 16. Be3 Bxe3 17. Rxe3 Rag8 18. Kh1 g5 19. f4 Neg4 20. hxg4 Nxg4 21. Qg1 gxf4 22. Rh3 Ne3 23. Rxe3 fxe3 24. Qxe3 h3 25. g3 Bc6 26. Kh2 Rg4 27. Nd5+ exd5 28. exd5+ Kf8 29. dxc6 Qxc6 30. Rd2 Rhg8 31. Qh6+ Ke7 32. Re2+ Kd8 33. Qf6+ Kc7 34. Qxf7+ Kb8 0-1

[Event "Titled Tuesday intern op 16th Jan Early"]
[Site "Chess.com INT"]
[Date "2024.01.16"]
[Round "10"]
[White "Garcia Correa, Jose Ricardo"]
[Black "Yelisieiev, Yevhenii"]
[Result "0-1"]
[WhiteElo "2103"]
[BlackElo "2418"]
[PlyCount "154"]
[EventDate "2024.01.16"]
[EventType "swiss (blitz)"]
[EventRounds "11"]
[EventCountry "USA"]
[SourceTitle "CB04_2024"]
[SourceDate "2023.10.16"]
[SourceVersion "1"]
[SourceVersionDate "2023.10.16"]
[SourceQuality "1"]

1. e4 d6 2. d4 Nf6 3. Nc3 e5 4. Bc4 Be7 5. Nge2 0-0 6. f3 c6 7. Bb3 b5 8. a3 Bb7 9. Be3 a5 10. Qd2 Nbd7 11. g4 b4 12. Nd1 exd4 13. Nxd4 c5 14. Nf5 Ne5 15. Qg2 Nexg4 16. fxg4 Bxe4 17. Qg1 Bxh1 18. Qxh1 Re8 19. Qf3 d5 20. Kf1 c4 21. Ba2 Qc7 22. Bd4 Qxh2 23. Nxe7+ Rxe7 24. Bxf6 gxf6 25. Nf2 Qe5 26. Rd1 Qxb2 27. Qxd5 Rae8 28. Bxc4 Qxc2 29. axb4 axb4 30. g5 Qg6 31. gxf6 Qxf6 32. Kg2 Kh8 33. Qd4 Rg8+ 34. Kf1 Qxd4 35. Rxd4 Rb8 36. Bb3 Rc7 37. Nd1 Rc6 38. Ke2 Re6+ 39. Kd3 Rc6 40. Rd7 Rcc8 41. Rxf7 Rd8+ 42. Ke2 Re8+ 43. Ne3 Rf8 44. Rd7 Rbd8 45. Rb7 Rd4 46. Bc2 Rh4 47. Kd3 Rd8+ 48. Ke2 Rh2+ 49. Kf3 Rh3+ 50. Ke2 Re8 51. Rxb4 Rhxe3+ 52. Kd2 R3e7 53. Bd3 Rd8 54. Rh4 Red7 55. Rh3 Re7 56. Kc2 Rc7+ 57. Kd2 Rg7 58. Kc2 Rc8+ 59. Kd1 Rcg8 60. Kc2 Rd8 61. Kc3 Kg8 62. Bc4+ Kh8 63. Bd3 Rc7+ 64. Kd2 Kg8 65. Ke2 Rd6 66. Kf2 Rg7 67. Ke2 h6 68. Bc4+ Kf8 69. Rf3+ Ke8 70. Rh3 Re7+ 71. Kf3 Rc6 72. Bd3 Rc3 73. Kf4 Rf7+ 74. Ke5 Re7+ 75. Kd6 Rd7+ 76. Ke6 Rdxd3 77. Rxh6 Rc6+ 0-1

[Event "Titled Tuesday intern op 16th Jan Early"]
[Site "Chess.com INT"]
[Date "2024.01.16"]
[Round "7"]
[White "Rozman, Levy"]
[Black "Garcia Correa, Jose Ricardo"]
[Result "1-0"]
[WhiteElo "2322"]
[BlackElo "2103"]
[PlyCount "119"]
[EventDate "2024.01.16"]
[EventType "swiss (blitz)"]
[EventRounds "11"]
[EventCountry "USA"]
[SourceTitle "CB04_2024"]
[SourceDate "2023.10.16"]
[SourceVersion "1"]
[SourceVersionDate "2023.10.16"]
[SourceQuality "1"]

1. e4 e5 2. Nc3 Nc6 3. Bc4 d6 4. d3 Nf6 5. f4 exf4 6. Bxf4 Na5 7. Bb3 Nxb3 8. axb3 Be7 9. Nf3 0-0 10. 0-0 a6 11. Kh1 c6 12. Qd2 Nh5 13. Bg5 Bxg5 14. Nxg5 h6 15. Nf3 Qe7 16. Rf2 Nf6 17. h3 Nh5 18. g4 Nf6 19. Raf1 Nh7 20. Qf4 f6 21. h4 Bd7 22. Ne2 g5 23. Qg3 c5 24. h5 b5 25. Re1 Bc6 26. Kh2 Rf7 27. Nc3 Re8 28. d4 Qc7 29. d5 Bb7 30. Rfe2 Bc8 31. Kg2 b4 32. Nd1 Qd7 33. Nf2 a5 34. Nd2 Ba6 35. Re3 Rfe7 36. Ra1 Qc7 37. Nc4 Bxc4 38. bxc4 Qb6 39. b3 Ra8 40. Rf1 Rea7 41. e5 dxe5 42. Ne4 Rf7 43. Qf2 Raf8 44. Rf3 Kg7 45. Qxc5 Qxc5 46. Nxc5 a4 47. Ne6+ Kg8 48. Nxf8 Kxf8 49. bxa4 Ke8 50. a5 Kd7 51. c5 Kc7 52. a6 Kb8 53. c6 Ka7 54. d6 Kb6 55. d7 Kc7 56. a7 Rf8 57. Rxf6 Nxf6 58. Rxf6 Rxf6 59. a8Q Rxc6 60. d8Q# 1-0

[Event "Titled Tuesday intern op 09th Jan Early"]
[Site "Chess.com INT"]
[Date "2024.01.09"]
[Round "2"]
[White "Ladan, Nicholas John"]
[Black "Garcia Correa, Jose Ricardo"]
[Result "1-0"]
[WhiteElo "2168"]
[BlackElo "2103"]
[PlyCount "75"]
[EventDate "2024.01.09"]
[EventType "swiss (blitz)"]
[EventRounds "11"]
[EventCountry "USA"]
[SourceTitle "CB03_2024"]
[SourceDate "2024.01.17"]
[SourceVersion "1"]
[SourceVersionDate "2024.01.17"]
[SourceQuality "1"]

1. Nf3 c5 2. g3 d5 3. Bg2 Nc6 4. 0-0 Nf6 5. d3 e5 6. c3 Bd6 7. Nbd2 0-0 8. Re1 Bg4 9. Qa4 a6 10. e4 b5 11. Qc2 d4 12. h3 Bd7 13. a3 Rc8 14. c4 b4 15. Nh2 a5 16. Ndf1 h6 17. f4 Ne7 18. f5 Kh8 19. g4 Nfg8 20. Ng3 Nc6 21. Kh1 Be7 22. Rg1 Bh4 23. Nh5 g6 24. Bf3 gxh5 25. gxh5 Bg5 26. Qg2 Qf6 27. Ng4 Qg7 28. Nf2 Qh7 29. Bxg5 hxg5 30. Qxg5 Qh6 31. h4 Nce7 32. Ng4 Qh7 33. Nxe5 f6 34. Ng6+ Kg7 35. Qg3 Nxg6 36. hxg6 Qh6 37. Rae1 Rfe8 38. Rg2 1-0

[Event "Titled Tuesday intern op 09th Jan Early"]
[Site "Chess.com INT"]
[Date "2024.01.09"]
[Round "4"]
[White "Sakun, Volodymyr"]
[Black "Garcia Correa, Jose Ricardo"]
[Result "1-0"]
[WhiteElo "2356"]
[BlackElo "2103"]
[PlyCount "93"]
[EventDate "2024.01.09"]
[EventType "swiss (blitz)"]
[EventRounds "11"]
[EventCountry "USA"]
[SourceTitle "CB03_2024"]
[SourceDate "2024.01.17"]
[SourceVersion "1"]
[SourceVersionDate "2024.01.17"]
[SourceQuality "1"]

1. Nf3 Nf6 2. c4 g6 3. Nc3 Bg7 4. d4 d6 5. e4 c6 6. h3 Qc7 7. Be2 Nbd7 8. Be3 e5 9. d5 c5 10. g4 a6 11. Nd2 Nf8 12. g5 N6d7 13. h4 f5 14. f3 f4 15. Bf2 h5 16. a3 b6 17. Kf1 Nh7 18. Kg2 0-0 19. b4 Qd8 20. Qa4 Bb7 21. Rab1 Rf7 22. Kh2 Bf8 23. Bf1 Be7 24. Bh3 Nhf8 25. Rb2 Kh7 26. Rhb1 b5 27. Qb3 Rb8 28. cxb5 axb5 29. Nxb5 Ba6 30. Nc3 Bd3 31. Rd1 Qc7 32. b5 c4 33. Qb4 Nc5 34. b6 Qb7 35. Nxc4 Bxc4 36. Bxc5 dxc5 37. Qxc4 Bd6 38. a4 Nd7 39. a5 Qa8 40. Qb5 c4 41. b7 Qa7 42. Bxd7 Bc5 43. a6 Bd4 44. Rc1 Rxd7 45. Qxd7+ Kh8 46. Qc8+ Kh7 47. Qxc4 1-0

[Event "Titled Tuesday intern op 14th Nov Early"]
[Site "Chess.com INT"]
[Date "2023.11.14"]
[Round "7"]
[White "Hajiyev, Kanan"]
[Black "Garcia Correa, Jose Ricardo"]
[Result "0-1"]
[WhiteElo "2124"]
[BlackElo "2103"]
[PlyCount "56"]
[EventDate "2023.11.14"]
[EventType "swiss (blitz)"]
[EventRounds "11"]
[EventCountry "USA"]
[SourceTitle "CB47_2023"]
[SourceDate "2023.11.22"]
[SourceVersion "1"]
[SourceVersionDate "2023.11.22"]
[SourceQuality "1"]

1. d4 Nf6 2. c4 e6 3. Nc3 d5 4. cxd5 exd5 5. Qc2 Nbd7 6. Bg5 c6 7. e3 Be7 8. Bd3 0-0 9. Nge2 Re8 10. 0-0 g6 11. Rab1 a5 12. Bh4 Nh5 13. Bxe7 Qxe7 14. Rfc1 f5 15. g3 Ndf6 16. Nf4 Ng7 17. Na4 Ne4 18. Nc5 g5 19. Ne2 Rf8 20. Kg2 h5 21. Ng1 h4 22. Nf3 Nh5 23. Ne5 Rf6 24. Qe2 Rh6 25. gxh4 g4 26. Kh1 Qxh4 27. Bxe4 dxe4 28. f4 Ng3+ 0-1

[Event "Titled Tuesday intern op 14th Nov Early"]
[Site "Chess.com INT"]
[Date "2023.11.14"]
[Round "3"]
[White "Ozates, Tuna"]
[Black "Garcia Correa, Jose Ricardo"]
[Result "1-0"]
[WhiteElo "2309"]
[BlackElo "2103"]
[PlyCount "81"]
[EventDate "2023.11.14"]
[EventType "swiss (blitz)"]
[EventRounds "11"]
[EventCountry "USA"]
[SourceTitle "CB47_2023"]
[SourceDate "2023.11.22"]
[SourceVersion "1"]
[SourceVersionDate "2023.11.22"]
[SourceQuality "1"]

1. e4 e5 2. Nc3 Nc6 3. g3 Bc5 4. Bg2 d6 5. Nge2 h5 6. h3 h4 7. g4 f6 8. d3 Be6 9. f4 Nge7 10. Nd5 Qd7 11. f5 Bf7 12. c3 a6 13. b4 Ba7 14. a4 Nxd5 15. exd5 Ne7 16. c4 a5 17. bxa5 Bc5 18. Bd2 g6 19. fxg6 Bxg6 20. Bc3 f5 21. d4 exd4 22. Nxd4 0-0-0 23. Ne6 Rde8 24. Bxh8 Nxd5 25. cxd5 Rxh8 26. Qb3 fxg4 27. hxg4 Qe7 28. a6 bxa6 29. Bf1 Qf6 30. Bxa6+ Kd7 31. Bb5+ Ke7 32. 0-0-0 Rb8 33. Nxc5 Qf4+ 34. Kb2 dxc5 35. Rde1+ Kd8 36. Rhf1 Qh2+ 37. Re2 Qd6 38. Qc3 c6 39. dxc6 Kc7 40. Qa5+ Rb6 41. Qa7+ 1-0